000
00285 a2200145 4500
001
162785
020
_a
040
_c
Magnum
100
_a
Lopez, Maria
240
1
0
_a
Os filhos de papai
_l
por
245
1
0
_a
Os filhos de papai
362
0
_a
1899
697
_a
I/GERAL
942
_c
BK
999
_c
162785
_d
162785